LIBRARY ONLINE CATALOGUE

Computer system architecture / (Record no. 529)

MARC details
000 -LEADER
fixed length control field 00742nam a22002292 4500
001 - CONTROL NUMBER
control field 0000004369
005 - DATE AND TIME OF LATEST TRANSACTION
control field 20151021151103.0
008 - FIXED-LENGTH DATA ELEMENTS--GENERAL INFORMATION
fixed length control field 070522s xx 000 0 eng d
020 ## - INTERNATIONAL STANDARD BOOK NUMBER
International Standard Book Number 8120308557 :
Terms of availability KES 600
040 ## - CATALOGING SOURCE
Original cataloging agency KABU
Transcribing agency KABU
050 #0 - LIBRARY OF CONGRESS CALL NUMBER
Classification number QA76.9
Item number .A73M36 1993
100 1# - MAIN ENTRY--PERSONAL NAME
Personal name Mano, M. Morris.
-- 0000154900
245 10 - TITLE STATEMENT
Title Computer system architecture /
Statement of responsibility, etc. M. Morris Mano.
250 ## - EDITION STATEMENT
Edition statement 3rd ed.
260 ## - PUBLICATION, DISTRIBUTION, ETC. (IMPRINT)
Place of publication, distribution, etc. New Delhi :
Name of publisher, distributor, etc. Prentice-Hall of India,
Date of publication, distribution, etc. c1993.
300 ## - PHYSICAL DESCRIPTION
Extent xviii, 525 p. ;
Dimensions 24 cm.
650 #0 - SUBJECT ADDED ENTRY--TOPICAL TERM
Topical term or geographic name as entry element Computer architecture.
-- 0000154894
908 ## - PUT COMMAND PARAMETER (RLIN)
Put command parameter 070522
950 ## - LOCAL HOLDINGS (RLIN)
-- 1
Holdings
Withdrawn status Lost status Source of classification or shelving scheme Not for loan Home library Current library Date acquired Total Checkouts Full call number Barcode Date last seen Price effective from Koha item type Total Renewals Date last checked out
    Library of Congress Classification   Kabarak, Main Campus Kabarak, Main Campus 17/12/2015   QA76.9 .A73M36 1993 012786 17/12/2015 17/12/2015 General Collection    
    Library of Congress Classification   Kabarak, Main Campus Kabarak, Main Campus 17/12/2015 8 QA76.9 .A73M36 1993 008103 30/11/2021 17/12/2015 General Collection 2 12/11/2021
    Library of Congress Classification   Kabarak, Nakuru City Campus Kabarak, Nakuru City Campus 21/10/2015   QA76.9 .A73M36 1993 005613 21/10/2015 21/10/2015 General Collection    
    Library of Congress Classification   Kabarak, Nakuru City Campus Kabarak, Nakuru City Campus 21/10/2015   QA76.9 .A73M36 1993 005614 21/10/2015 21/10/2015 General Collection